| 000 | 01000cam a2200289 a 4500 | ||
|---|---|---|---|
| 001 | 16163241 | ||
| 005 | 20140903114906.0 | ||
| 008 | 100330s2010 nyu b 001 0 eng | ||
| 010 | _a 2010013320 | ||
| 020 | _a9780230623927 | ||
| 040 |
_aDLC _cDLC _dDLC |
||
| 042 | _apcc | ||
| 050 | 0 | 0 |
_aHD 62.6 _b.W495 2010 |
| 082 | 0 | 0 | _a338.7/4 |
| 100 | 1 |
_aWhite, Douglas E., _d1952- |
|
| 245 | 1 | 4 |
_aThe Nonprofit Challenge : _bintegrating ethics into the purpose and promise of our nation's charities / _cDoug White. |
| 246 | 3 | _aNonprofit challenge | |
| 260 |
_aNew York : _bPalgrave Macmillan, _c2010. |
||
| 300 |
_a248 p. ; _c25 cm. |
||
| 521 | _aBSBA | ||
| 650 | 0 | _aNonprofit organizations. | |
| 650 | 0 |
_aNonprofit organizations _xFinance. |
|
| 650 | 0 |
_aNonprofit organizations _xMoral and ethical aspects. |
|
| 906 |
_a7 _bcbc _corignew _d1 _eecip _f20 _gy-gencatlg |
||
| 942 |
_2lcc _cBK _kFOR |
||
| 999 |
_c275371 _d275371 |
||